Представление документа в формате RUSMARC

ПолеНазваниеЗначение
  Тип записи l
  Библиографический уровень m
001 Контрольный номер DONNUET/MAIN/68b3529d543f4cf3a73bd1cb3e8b3a64
005 Дата корректировки 20260417152156.3
101 Язык документа 0_
a Язык текста rus
102 Страна публикации __
a Страна публикации RU
181 Поле кодированных данных: вид содержания _0
a Код вида содержания (ISBD) i
182 Поле кодированных данных: тип средства _0
a Код типа средства (ISBD) b
200 Заглавие и сведения об ответственности 1_
a Заглавие Цифровая юриспруденция в сфере услуг
e Сведения, относящиеся к заглавию автореферат диссертации на соискание ученой степени кандидата экономических наук
e Сведения, относящиеся к заглавию 5.2.3. Региональная и отраслевая экономика (экономика сферы услуг)
f Первые сведения об ответственности Н.В. Малкин
203 Вид содержания и тип средства __
a Вид содержания Текст
c Тип средства электронный
210 Выходные данные 1_
a Место издания Луганск
d Дата издания 2025
215 Физическое описание __
a Объем 28 с.
337 Примечание о системных требованиях (электронные ресурсы) __
a Примечание о системных требованиях (электронные ресурсы) URL: http://46.150.103.143:54041/megapro/Download/ToView/39154
337 Примечание о системных требованиях (электронные ресурсы) __
a Примечание о системных требованиях (электронные ресурсы) Режим доступа: Электронная библиотека ДОННУЭТ
610 Ключевые слова 0_
a Ключевые слова сфера услуг
610 Ключевые слова 0_
a Ключевые слова цифровая юриспруденция
610 Ключевые слова 0_
a Ключевые слова регулирование цифровых правоотношений
610 Ключевые слова 0_
a Ключевые слова авторефераты
700 Автор _1
a Фамилия Малкин
b Имя Н.В.
p Наименование/ адрес организации Научная библиотека ДОННУЭТ
4 Код отношения 070
801 Источник записи _1
a Страна RU
b Организация DONNUET
g Правила каталогизации PSBO
852 Данные о местонахождении __
a Наименование организации Научная библиотека ДОННУЭТ
900 Электронные ресурсы __
a Имя электронного ресурса Малкин Н.В. Цифровая юриспруденция в сфере услуг-avtoreferat +
901 Тип документа __
t Тип документа r
905 Дата создания БЗ __
b Логин сотрудника, создавшего запись Tsvetkova
a Дата создания БЗ 15.04.2026
952 Тип литературы __
a Тип литературы для КСУ ВШ АДЭ
c Вид литературы научные документы